Retratos y encuentros / (Record no. 179549)

MARC details
000 -LEADER
campo de control de longitud fija 00700nam a2200229 i 4500
001 - NÚMERO DE CONTROL
campo de control 179549
003 - IDENTIFICADOR DE NÚMERO DE CONTROL
campo de control ES-MaACL
005 - FECHA Y HORA DE LA ÚLTIMA TRANSACCIÓN
campo de control 20230922212825.0
008 - DATOS DE LONGITUD FIJA--INFORMACIÓN GENERAL
campo de control de longitud fija 111222s2010 sp |||| |dspa d
020 ## - NÚMERO INTERNACIONAL ESTÁNDAR DEL LIBRO
Número Internacional Estándar del Libro 978-84-204-0602-2
080 ## - NÚMERO DE LA CLASIFICACIÓN DECIMAL UNIVERSAL
Número de la Clasificación Decimal Universal 821.111(73)-92"19"
080 ## - NÚMERO DE LA CLASIFICACIÓN DECIMAL UNIVERSAL
Número de la Clasificación Decimal Universal 08 Talese, Gay
100 1# - ENTRADA PRINCIPAL--NOMBRE DE PERSONA
Nombre de persona Talese, Gay.
9 (RLIN) 109124
245 10 - MENCIÓN DEL TÍTULO
Título Retratos y encuentros /
Mención de responsabilidad, etc. Gay Talese ; traducción de Carlos José Restrepo.
250 ## - MENCION DE EDICION
Mención de edición 2ª ed.
260 ## - PUBLICACIÓN, DISTRIBUCIÓN, ETC.
Lugar de publicación, distribución, etc. [Madrid] :
Nombre del editor, distribuidor, etc. Alfaguara,
Fecha de publicación, distribución, etc. [2010]
300 ## - DESCRIPCIÓN FÍSICA
Extensión 302 p. ;
Dimensiones 24 cm.
700 1# - ENTRADA AGREGADA--NOMBRE PERSONAL
Nombre de persona Restrepo, Carlos José.
9 (RLIN) 148784
852 ## - LOCALIZACIÓN
Ubicación ES-MaACL
Número de control de estantería A-11782
itemnumber 186446
Sublocalización o colección R.146833
Ubicación en estantería Depósito 1
Signatura antigua Olim: N-4787
942 ## - ELEMENTOS DE ENTRADA SECUNDARIOS (KOHA)
Fuente del sistema de clasificación o colocación Clasificación decimal universal
Tipo de ítem Koha Libro impreso
Holdings
Estatus retirado Estado de pérdida Fuente del sistema de clasificación o colocación Estado de daño No para préstamo Biblioteca de origen Biblioteca actual Ubicación en estantería Fecha de adquisición Fuente de adquisición Total de préstamos Signatura topográfica completa Código de barras Visto por última vez Precio de reemplazo Tipo de ítem Koha
    Clasificación decimal universal     Biblioteca del Ateneo de Madrid Biblioteca del Ateneo de Madrid Depósito 1 22/12/2011 Compra   A-11782 1188623 23/02/2023 23/02/2023 Libro impreso